000 01080nas a2200325 4500
001 BR2011003689
003 BR-BrBNA
005 20231205115413.0
007 ta
008 230509b bl.|||p| |||| 00| 00por d
040 _aBR-BrBNA
_bpor
_cBiblioteca Nacional de Agricultura
041 _a(Pt)
072 _aH20
100 1 _aSilva, S.D.V.M.
100 1 _aMandarino, E.P.
100 1 _aDamaceno, V.O.
100 1 _aSantos Filho, L.P.
245 1 _aReação de genótipos de cacaueiros a isolados de Ceratocystis cacaofunesta
246 1 _aReaction of cocoa genotypes to isolates of Ceratocystis cacaofunesta
650 _aCACAU
650 _aTHEOBROMA CACAO
650 _aGENÓTIPO
650 _aDOENÇA DE PLANTA
650 _aRESISTÊNCIA
650 _aCERATOCYSTIS CACAOFUNESTA
773 0 _tFitopatologia Brasileira (Brazil)
_xISSN 0100-4158
_g(Nov-Dec 2007), v. 32(6) p. 504-506
_wBR2011003689
856 4 _uhttp://www.scielo.br/pdf/fb/v32n6/a09v32n6.pdf
_yRecurso eletrônico (PDF)
909 _a202311
_bLúcia
_c55
_dLúcia Elande
942 _2AGRIS
_n0
_cANA
999 _c213632
_d213632